000 01381nam a2200337 ia4500
003 OSt
005 20260427160854.0
008 260427t20252025nyua jrb 000 1 eng d
020 _a9780063116276
_cRM 36.95
_qpaperback
040 _aPPAK
_beng
_cPPAK
_erda
082 0 4 _223
_a813.6
090 0 0 _a813.6
_bBRO
_dK
100 1 _aBrown, Monica,
_d1969-
_eauthor.
245 1 0 _aThe Fintastical Tales of Mari A. Fisch.
_n#1 :
_bMERMAID MISSION /
_cMonica Brown ; Illustrated by Emily Mendoza.
246 3 1 _aMermaid mission
264 1 _aNew York, NY :
_bHarper, an imprint of HarperCollins Publishers,
_c[2025]
264 4 _c©2025
300 _a87 pages :
_billustrations ;
_c19 cm
336 _atext
_2rdacontent
337 _aunmediated
_2rdamedia
338 _avolume
_2rdacarrier
490 1 _aThe Fintastical Tales of Mari A. Fisch ;
_v#1
520 _aMermaid princess Mari Triton is sent to become human and spy on humans to learn why they do the weird things they do, such as polluting, but once she's on land, Mari finds the human world confusing
650 1 0 _aMermaids
_vJuvenile fiction
650 2 0 _aPrincesses
_vJuvenile fiction
650 2 0 _aQuests (Expeditions)
_vJuvenile fiction
655 7 _aFantasy fiction
700 1 _aMendoza, Emily,
_eillustrator.
830 0 _aThe fintastical tales of Mari A. Fisch ;
_v#1
942 _2ddc
_cB
999 _c204050
_d204050